Statistics for New Zealand Territories

Click here to take the quiz!

General Stats

  • This quiz has been taken 28 times
  • The average score is 5 of 11

Answer Stats

PopulationAnswer% Correct
17,459Cook Islands
93%
1,624Niue
79%
1,411Tokelau
71%
663Chatham Islands
43%
0Auckland Islands
36%
6Kermadec Islands
36%
0Campbell Islands
29%
0Antipodes Islands
21%
0Bounty Islands
21%
10-200Ross Dependency
21%
80Macquarie Island
14%

Score Distribution

Percentile by Number Answered

Percent of People with Each Score

Your Score History

You have not taken this quiz